Jazykové stopy nemčiny v obci Čermany

Opis spoločensko-historického diania v slovenskej obci Čermany v súvislosti s obdobím, kedy v obci žili aj nemeckí obyvatelia. Život Nemcov a Slovákov v obci v období od polovice 19. storočia po súčasnosť v rámci spoločensko-politického kontextu danej doby a jazykového dedičstva prameniaceho zo 100-...

Descripción completa

Guardado en:
Detalles Bibliográficos
Autor principal: Mocková, Nina, 1987-
Formato: Capítulo de libro
Lenguaje:eslovaco
Materias:
Etiquetas: Agregar Etiqueta
Sin Etiquetas, Sea el primero en etiquetar este registro!

MARC

LEADER 00000naa$a2200000$$$4500
001 0277301
005 20240502074324.6
041 0 |a slo 
044 |a SK 
245 1 0 |a Jazykové stopy nemčiny v obci Čermany  |c Nina Mocková 
520 |a Opis spoločensko-historického diania v slovenskej obci Čermany v súvislosti s obdobím, kedy v obci žili aj nemeckí obyvatelia. Život Nemcov a Slovákov v obci v období od polovice 19. storočia po súčasnosť v rámci spoločensko-politického kontextu danej doby a jazykového dedičstva prameniaceho zo 100-ročného spolunažívania Slovákov a Nemcov v Čermanoch, ktorého stopy sú viditeľné aj dnes v podobe priezvisk niektorých posledných obyvateľov obce a aj v miestnom nárečí. 
610 2 0 |a jazykoveda 
610 2 0 |a slovenčina 
610 2 0 |a nemčina 
610 2 0 |a história 
610 2 0 |a vývoj spoločenský 
610 2 0 |a dedičstvo kultúrne 
610 2 0 |a obce 
610 2 0 |a Slovensko 
100 1 |a Mocková, Nina, 1987-